How to get your point across in 30 seconds-or less

"Milo Frand, former CBS television talent and casting head, who teaches communication skills to the top executives of such Fortune 500 companie as AT&T, IBM and Bank of America, shows you how easy it is to get your point across in 30 seconds-and get what you want. Whether you are writing a...

Πλήρης περιγραφή

Αποθηκεύτηκε σε:
Λεπτομέρειες βιβλιογραφικής εγγραφής
Κύριος συγγραφέας: Frank, Milo O. 1928- (Συγγραφέας)
Μορφή: CD Ηχητικό
Γλώσσα:English
Δημοσίευση: New York : Simon & Schuster Audio, p1999
Θέματα:
Ετικέτες: Προσθήκη ετικέτας
Δεν υπάρχουν, Καταχωρήστε ετικέτα πρώτοι!

MARC

LEADER 00000njm a2200000 i 4500
001 1/85031
007 sd fs gn m ed
008 050908s1999 us eng d
020 |a 0-671-58191-0 
028 0 1 |a 58191-0  |b Simon & Schuster  
035 |l 10080173 
040 |a GR-MY-UA  |b gre  |e aacr 
041 0 |a eng 
082 0 |a 153.6  |2 (22) 
100 1 |a Frank, Milo O.  |d 1928-  |4 aut 
245 1 0 |a How to get your point across in 30 seconds-or less  |h [ηχογράφηση] /  |c Milo O. Frank 
260 |a New York :   |b Simon & Schuster Audio,   |c p1999 
300 |a 1 δίσκος CD (π. 45 λεπτ.);  |b ψηφιακή, στέρεο;  |c 4 3/4 ίν. 
520 |a "Milo Frand, former CBS television talent and casting head, who teaches communication skills to the top executives of such Fortune 500 companie as AT&T, IBM and Bank of America, shows you how easy it is to get your point across in 30 seconds-and get what you want. Whether you are writing a letter or memo, making a speech, asking for a raise or promotion, making a point, or closing a sale, HOW TO GET YOUR POINT ACROSS IN 30 SECONDS OR LESS is and invaluable training tool for both business people and professionals. You will be amazed at your enhanced efectiveness when you discover how to use the 30 second message to get exactly what you want." 
650 0 0 |a Communication. 
650 0 0 |a Business communication. 
852 |a INST  |b SYROS  |c AV  |e 20050908  |h 153.6 FRA  |p 005500005314  |q 005500005314  |t CD  |y 23 
901 |a BIBL1-2003-2 
909 |a Ε  |b 117102 
920 |a ΔΙΕΥΡΥΝΣΗ  |b ΕΠΕΑΕΚ-ΤΜΣΠΣ  |y ΣΥΡΟΣ  |z 2004-10 
970 |a ΚΟΝΤΟΥ  |b ΠΑΡΑΣΚΕΥΗ  |z 2005/09/08